000 00825cam a2200253 a 4500
001 4313490
003 OSt
005 20220427141133.0
008 870619s1988 maua b 001 0 eng
010 _a 87018833
020 _a0201117215 :
_c$34.95
040 _aDLC
_cHU
_dDLC
050 0 0 _aQA76.6
_b.P75168 1988
082 0 0 _a004/.35
_219
245 0 0 _aProgramming parallel processors /
_cedited by Robert G. Babb II.
260 _aReading, Mass. :
_bAddison-Wesley Pub. Co.,
_cc1988.
300 _axiii, 380 p. :
_bill. ;
_c25 cm.
490 0 _aAddison-Wesley series in computer science
504 _aIncludes bibliographies and index.
650 0 _aParallel programming (Computer science)
_936708
700 1 _aBabb, Robert G.
_936709
906 _a7
_bcbc
_corignew
_d1
_eocip
_f19
_gy-gencatlg
942 _2ddc
_cBOOKS
_n0
999 _c35316
_d35316